000
00337nam a22001457a 4500
008
210303b ||||| |||| 00| 0 eng d
020
_a
9780801654077
041
_a
eng
080
_2
3rd
_a
610.73
082
_a
610.73
100
_a
1
101
_a
INF
245
_a
Nursing Care of Infants and children
_c
Whaley, L.F
942
_2
udc
_c
BK
999
_c
55621
_d
55621